| 000 | 00416 a2200133 4500 | ||
|---|---|---|---|
| 001 | ART_46297 | ||
| 005 | 20260410161925.0 | ||
| 008 | 260409a | ||
| 245 | 1 | 0 | _aCapital mobility in neoclassical models of growth |
| 100 | 1 | _aBarro, Robert J. | |
| 700 | 1 | _aMankiw, N. Gregory | |
| 700 | 1 | _aSala-i-Martin, Xavier | |
| 773 | 0 |
_tThe American Economic Review _g- Vol. 85, NÂș 1 (mar. 1995) _wREV16190 |
|
| 999 |
_c28093 _d28093 |
||